00336nam a2200133Ia 4500008004100000100005300041245002500094250001000119260002500129300000800154650001600162942000700178999001700185190216s9999||||xx |||||||||||||| ||und|| a"Manicavachagom Pillay, Natarajan Nad Ganapathy" 0aMathematics Volume 2 aFIRST bViswanathan S.c2000 a268 aMathematics cBK c31756d31756